000 00505nam a2200193 a 4500
001 1778578638872
003 YourLibrary
005 20260512150840.0
008 260512s2009##################000#0#eng##
020 _a9781847242723
082 0 4 _a420.9
_bGOO
100 1 _aGooden, Philip,
_eauthor.
245 1 0 _aThe Story of English :
260 _bQuercus Books,
_c2009.
300 _a232 pages
650 0 _aLanguage Arts & Disciplines.
942 _cENGLISH
040 _aYourLibrary
_beng
_cYourLibrary
999 _c623163
_d623163